000 00455nam a2200193Ia 4500
003 OSt
005 20221005124250.0
006 a|||||r|||| 00| 0
007 ta
008 221004b |||||||| |||| 00| 0 eng d
024 _a112704
037 _cTextual
040 _aCRL
_cCRL
_beng
041 _2eng
_aeng
100 _aBender Toddk
_9634948
245 0 _aModemism in Literature
942 _cTEXL
_2cc
999 _c1049937
_d1049937